书目信息 |
| 题名: |
南阳关
|
|
| 作者: | 陈荫荣 讲述 ;戴宏森 , 脱土明 整理 | |
| 分册: | ||
| 出版信息: | 北京 中国曲艺出版社 1981 |
|
| 页数: | 152页 | |
| 开本: | 19cm | |
| 丛书名: | ||
| 单 册: | ||
| 中图分类: | I239.8 | |
| 科图分类: | ||
| 主题词: | 戏剧文学--剧本--中国 , 评话--中国--现代 | |
| 电子资源: | ||
| ISBN: | ||
| 000 | 00737nam0 2200265 45 | |
| 001 | 0181002067 | |
| 005 | 20060814153326.92 | |
| 010 | @dCNY0.41 | |
| 091 | @a10227.0002 | |
| 100 | @a19950526d1981 em y0chiy0121 ea | |
| 101 | 0 | @achi |
| 102 | @aCN@b110000 | |
| 105 | @ay z 000by | |
| 200 | 10 | @a南阳关@Anan yang guan@f陈荫荣讲述@g脱土明, 戴宏森整理 |
| 210 | @a北京@c中国曲艺出版社@d1981 | |
| 215 | @a152页@d19cm | |
| 606 | 0 | @a戏剧文学@x剧本@x中国 |
| 606 | @a评话@y中国@z现代 | |
| 690 | @aI239.8 | |
| 701 | 0 | @a陈荫荣@Achen yin rong@4讲述 |
| 702 | 0 | @a戴宏森@Adai hong sen@4整理 |
| 702 | 0 | @a脱土明@Atuo tu ming@4整理 |
| 801 | 0 | @aCN@b上海图书馆@c20060814 |
| 801 | 2 | @aCN@bNLC@c20060813 |
| 905 | @f1@b52214@dI239.8@e12:2 | |
| 南阳关/陈荫荣讲述/脱土明, 戴宏森整理.-北京:中国曲艺出版社,1981 |
| 152页;19cm |
| ISBN :CNY0.41 |
| ● |
| 相关链接 |
|
|
|
|
正题名:南阳关
索取号:I239.8/12:2
 
预约/预借
| 序号 | 登录号 | 条形码 | 馆藏地/架位号 | 状态 | 备注 |
| 1 | 0052213 | 000960892 | 第二借阅区/ [索取号:I239.8/12:2] | 在馆 | |
| 2 | 0052214 | 001892553 | 密集书库/ [索取号:I239.8/12:2] | 在馆 | |
| 3 | 0052215 | 000960883 | 第二借阅区/ [索取号:I239.8/12:2] | 在馆 | |
| 4 | 0052217 | 000960909 | 第一样本阅览室/ [索取号:I239.8/12:2] | 在馆 | |
| 5 | 0456675 | 204566754 | 密集书库/ [索取号:I239.8/12:2] | 在馆 | |
| 6 | 0457907 | 204579072 | 密集书库/ [索取号:I239.8/12:2] | 在馆 | |
| 7 | 0457908 | 204579081 | 密集书库/ [索取号:I239.8/12:2] | 在馆 |